[Event "BCF-chT1a 1819 (4NCL)"]
[Site "England"]
[Date "2019.03.16"]
[Round "7.16"]
[White "Le Roux, Jean Pierre"]
[Black "Malola, Prasath TS"]
[Result "1-0"]
[WhiteElo "2539"]
[BlackElo "2042"]
[PlyCount "49"]
[EventDate "2018.11.10"]
[EventType "team-tourn"]
[EventRounds "7"]
[EventCountry "ENG"]
[SourceTitle "CBM 189 Extra"]
[Source "ChessBase"]
[SourceDate "2019.06.03"]
[SourceVersion "1"]
[SourceVersionDate "2019.06.03"]
[SourceQuality "1"]
[WhiteTeam "Guildford"]
[BlackTeam "North East England"]
[WhiteTeamCountry "ENG"]
[BlackTeamCountry "ENG"]

1. d4 Nc6 2. e4 e5 3. dxe5 Nxe5 4. Nf3 Qf6 5. Nc3 Bb4 6. Bd2 Ne7 7. Nxe5 Qxe5 8. Bd3 c6 9. 0-0 Bc5 10. Kh1 Ng6 11. f4 Qe7 12. e5 b5 13. a4 b4 14. Ne4 a5 15. Qh5 Ba6 16. e6 Bxd3 17. cxd3 d5 18. exf7+ Kd7 19. Qg4+ Kc7 20. Nxc5 Qxc5 21. f5 Nf8 22. Rac1 Qe7 23. Qxg7 Nd7 24. Bf4+ Kb6 25. f8Q 1-0

[Event "BCF-chT1d 1617 (4NCL) Demotion pool"]
[Site "England"]
[Date "2017.05.01"]
[Round "11.77"]
[White "Jameson, David"]
[Black "Malola, Prasath TS"]
[Result "1-0"]
[WhiteElo "2116"]
[BlackElo "2038"]
[PlyCount "29"]
[EventDate "2016.11.19"]
[EventType "team-tourn"]
[EventRounds "4"]
[EventCountry "ENG"]
[SourceTitle "EXT 2018"]
[Source "ChessBase"]
[SourceDate "2017.10.13"]
[SourceVersion "1"]
[SourceVersionDate "2017.10.13"]
[SourceQuality "1"]
[WhiteTeam "South Wales Dragons"]
[BlackTeam "North East England"]
[WhiteTeamCountry "ENG"]
[BlackTeamCountry "ENG"]

1. e4 Nc6 2. Nf3 d6 3. d4 a6 4. Be2 g6 5. d5 Ne5 6. Nxe5 dxe5 7. c4 Nf6 8. Nc3 e6 9. 0-0 h5 10. h3 Nh7 11. Be3 Bd6 12. c5 Be7 13. Qa4+ Kf8 14. Rad1 Qe8 15. Bh6+ 1-0

[Event "BCF-chT1b 1617 (4NCL)"]
[Site "England"]
[Date "2017.01.14"]
[Round "3.87"]
[White "Malola, Prasath TS"]
[Black "Bremner, Adam"]
[Result "0-1"]
[WhiteElo "2038"]
[BlackElo "2207"]
[PlyCount "68"]
[EventDate "2016.11.19"]
[EventType "team-tourn"]
[EventRounds "7"]
[EventCountry "ENG"]
[SourceTitle "EXT 2018"]
[Source "ChessBase"]
[SourceDate "2017.10.13"]
[SourceVersion "1"]
[SourceVersionDate "2017.10.13"]
[SourceQuality "1"]
[WhiteTeam "North East England"]
[BlackTeam "Grantham Sharks"]
[WhiteTeamCountry "ENG"]
[BlackTeamCountry "ENG"]

1. e4 c5 2. Nf3 Nc6 3. d4 cxd4 4. Nxd4 g6 5. Nc3 Bg7 6. Be3 Nf6 7. Bc4 Qa5 8. 0-0 0-0 9. a3 d6 10. f3 Qc5 11. Ba2 Ng4 12. fxg4 Bxd4 13. Bf2 Be6 14. Nd5 Bxd5 15. exd5 Bxf2+ 16. Rxf2 Ne5 17. h3 f5 18. g5 f4 19. Qd2 Rf5 20. b4 Qb6 21. Kh1 Raf8 22. Raf1 f3 23. g3 Qa6 24. Qe3 h6 25. gxh6 Rh5 26. h4 b6 27. c4 Qc8 28. Rxf3 Rxf3 29. Rxf3 Qh3+ 30. Kg1 Nxf3+ 31. Qxf3 Rf5 32. Qg2 Qg4 33. c5 Qd4+ 34. Kh1 Rf2 0-1

[Event "BCF-chT2c 1516 (4NCL)"]
[Site "England"]
[Date "2016.05.01"]
[Round "10.237"]
[White "Disu, Kayode"]
[Black "Malola, Prasath TS"]
[Result "1-0"]
[WhiteElo "1953"]
[BlackElo "2072"]
[PlyCount "106"]
[EventDate "2015.11.14"]
[EventType "team-swiss"]
[EventRounds "11"]
[EventCountry "ENG"]
[SourceTitle "EXT 2017"]
[Source "ChessBase"]
[SourceDate "2016.10.25"]
[SourceVersion "1"]
[SourceVersionDate "2016.10.25"]
[SourceQuality "1"]
[WhiteTeam "Kings Head"]
[BlackTeam "North East England"]
[WhiteTeamCountry "ENG"]
[BlackTeamCountry "ENG"]

1. d4 Nc6 2. Nf3 d6 3. Bg5 h6 4. Bh4 Nf6 5. Bxf6 gxf6 6. Nc3 e5 7. Qd2 Bg4 8. e3 Bg7 9. 0-0-0 h5 10. d5 Ne7 11. Kb1 h4 12. h3 Bd7 13. Bc4 Qb8 14. Rdg1 Ng6 15. g3 b5 16. Bf1 f5 17. Nxh4 Nxh4 18. gxh4 Kf8 19. Rg2 Bf6 20. Rhg1 Bxh4 21. f4 e4 22. Ne2 Bf6 23. Rg3 Qb7 24. Nc1 b4 25. Bc4 a5 26. Nb3 Qb6 27. Nd4 Qc5 28. b3 a4 29. Nc6 Bxc6 30. dxc6 Ra5 31. Rd1 Qxc6 32. Qxb4 Rc5 33. Rdg1 Ke7 34. Rg8 Qb6 35. Qxa4 Qc6 36. Qxc6 Rxc6 37. Rxh8 Bxh8 38. a4 Bc3 39. h4 Bd2 40. Rg3 Kf6 41. h5 Rb6 42. Rg8 Ke7 43. h6 d5 44. h7 Rh6 45. h8Q Rxh8 46. Rxh8 dxc4 47. Rh3 Kd6 48. Kb2 c3+ 49. Ka3 Kc5 50. a5 Kb5 51. b4 c5 52. a6 Bc1+ 53. Kb3 Kxa6 1-0

[Event "BCF-chT2c 1516 (4NCL)"]
[Site "England"]
[Date "2016.04.30"]
[Round "9.227"]
[White "Malola, Prasath TS"]
[Black "Way, Julian M"]
[Result "0-1"]
[WhiteElo "2072"]
[BlackElo "2005"]
[PlyCount "96"]
[EventDate "2015.11.14"]
[EventType "team-swiss"]
[EventRounds "11"]
[EventCountry "ENG"]
[SourceTitle "EXT 2017"]
[Source "ChessBase"]
[SourceDate "2016.10.25"]
[SourceVersion "1"]
[SourceVersionDate "2016.10.25"]
[SourceQuality "1"]
[WhiteTeam "North East England"]
[BlackTeam "Celtic Tigers"]
[WhiteTeamCountry "ENG"]
[BlackTeamCountry "ENG"]

1. e4 d6 2. Nf3 Nf6 3. Nc3 Nbd7 4. Bc4 h6 5. d4 Nb6 6. Bb3 Bg4 7. e5 Nh7 8. h3 Bc8 9. a4 a5 10. Qd3 d5 11. 0-0 Be6 12. Nh4 Qd7 13. f4 g6 14. Qb5 Qxb5 15. Nxb5 Kd8 16. g4 Rg8 17. Kh2 c6 18. Nc3 g5 19. Ng2 gxf4 20. Nxf4 Kd7 21. Nce2 Ng5 22. Ng3 Rh8 23. Be3 Ke8 24. h4 Bxg4 25. hxg5 hxg5+ 26. Kg2 gxf4 27. Rxf4 Bh3+ 28. Kf3 Be6 29. Rf1 Kd7 30. Nf5 Bh6 31. Nxh6 Rxh6 32. Rg1 Rah8 33. Bd2 Rh2 34. Rg2 Nc4 35. Bc3 R8h3+ 36. Kf2 Rxg2+ 37. Kxg2 Ne3+ 38. Kg1 Nd1 39. Bxa5 Nxb2 40. Bb4 Rg3+ 41. Kf2 Rxb3 42. cxb3 Nd3+ 43. Ke3 Nxb4 44. Kd2 b6 45. Kc3 c5 46. a5 bxa5 47. dxc5 Kc6 48. Kd4 Kb5 0-1

[Event "BCF-chT2b 1516 (4NCL)"]
[Site "England"]
[Date "2016.01.24"]
[Round "4.32"]
[White "Balloglu, Piro"]
[Black "Malola, Prasath TS"]
[Result "0-1"]
[WhiteElo "1959"]
[BlackElo "2095"]
[PlyCount "114"]
[EventDate "2015.11.14"]
[EventType "team-tourn"]
[EventRounds "7"]
[EventCountry "ENG"]
[SourceTitle "CBM 170 Extra"]
[Source "ChessBase"]
[SourceDate "2016.02.25"]
[SourceVersion "1"]
[SourceVersionDate "2016.02.25"]
[SourceQuality "1"]
[WhiteTeam "Hackney"]
[BlackTeam "North East England"]
[WhiteTeamCountry "ENG"]
[BlackTeamCountry "ENG"]

1. e4 Nc6 2. Nf3 d6 3. d4 a6 4. h3 Nf6 5. Nc3 g6 6. Bg5 Bg7 7. Qd2 h6 8. Be3 e6 9. a3 Qe7 10. Bc4 Nxe4 11. Nxe4 d5 12. Bd3 dxe4 13. Bxe4 Bd7 14. Bd3 e5 15. dxe5 Nxe5 16. Nxe5 Bxe5 17. 0-0-0 Qf6 18. Qb4 Bc6 19. f4 Bd6 20. Qd2 Bxa3 21. c3 0-0-0 22. Bd4 Rxd4 23. cxd4 Bd6 24. Rhf1 Kb8 25. Bc2 Bd5 26. g3 h5 27. Kb1 Rd8 28. h4 Qg7 29. Qa5 Bc4 30. Rfe1 Qf8 31. Re3 f5 32. Bb3 Bb5 33. Qe1 Bb4 34. Qf2 a5 35. Qc2 Bc6 36. d5 Be8 37. Rc1 Qg7 38. Qc4 Bd2 39. Rxe8 Rxe8 40. Rc2 Re4 41. Qd3 Bb4 42. Qb5 Qd4 43. Qd7 Bd6 44. Rc3 Re1+ 45. Ka2 Qg1 46. Bc2 Ra1+ 47. Kb3 a4+ 48. Kc4 Qc5+ 49. Kd3 Qxd5+ 50. Ke2 Qg2+ 51. Ke3 Qxg3+ 52. Ke2 Qe1+ 53. Kf3 Qf1+ 54. Ke3 Qxf4+ 55. Ke2 Qf1+ 56. Ke3 Re1+ 57. Kd4 Qf4+ 0-1

[Event "BCF-chT2b 1516 (4NCL)"]
[Site "England"]
[Date "2015.11.14"]
[Round "1.21"]
[White "Malola, Prasath TS"]
[Black "Brigden, Michael Edward Beec"]
[Result "1-0"]
[WhiteElo "2095"]
[BlackElo "2072"]
[PlyCount "69"]
[EventDate "2015.11.14"]
[EventType "team-tourn"]
[EventRounds "7"]
[EventCountry "ENG"]
[SourceTitle "CBM 169 Extra"]
[Source "ChessBase"]
[SourceDate "2015.12.18"]
[SourceVersion "1"]
[SourceVersionDate "2015.12.18"]
[SourceQuality "1"]
[WhiteTeam "North East England"]
[BlackTeam "Downend & Fishponds"]
[WhiteTeamCountry "ENG"]
[BlackTeamCountry "ENG"]

1. e4 e6 2. Qe2 c5 3. g3 Nc6 4. Bg2 d6 5. c3 g6 6. h4 h5 7. Nh3 Bh6 8. Na3 Nge7 9. Nf4 e5 10. Nd5 Nxd5 11. exd5 Ne7 12. Qb5+ Kf8 13. b4 a6 14. Qe2 cxb4 15. cxb4 Kg7 16. Bb2 Nf5 17. 0-0 Re8 18. Rfe1 Kg8 19. d4 Bg7 20. Nc4 b5 21. Na5 Bd7 22. Nc6 Qb6 23. dxe5 Nxg3 24. Qc2 Nf5 25. e6 fxe6 26. Bxg7 Kxg7 27. dxe6 Bxe6 28. Qc3+ Kh7 29. Qf6 Ng7 30. Ne7 Bf5 31. Bxa8 Rxa8 32. Rad1 Rd8 33. Nd5 Qb8 34. Re7 Rg8 35. Qg5 1-0

[Event "Bournemouth op 4th"]
[Site "Bournemouth"]
[Date "2015.06.20"]
[Round "2"]
[White "Clark, Ian C"]
[Black "Malola, Prasath TS"]
[Result "0-1"]
[WhiteElo "2021"]
[BlackElo "2069"]
[PlyCount "104"]
[EventDate "2015.06.19"]
[EventType "swiss"]
[EventRounds "5"]
[EventCountry "ENG"]
[SourceTitle "CBM 167 Extra"]
[Source "ChessBase"]
[SourceDate "2015.09.14"]
[SourceVersion "1"]
[SourceVersionDate "2015.09.14"]
[SourceQuality "1"]

1. e4 Nc6 2. d4 e5 3. d5 Nce7 4. Nf3 Ng6 5. Be2 Nf6 6. Nc3 Bc5 7. 0-0 a6 8. a3 d6 9. b4 Ba7 10. Qd3 0-0 11. Bg5 h6 12. Bd2 Nh5 13. g3 Nf6 14. Be3 Bb8 15. Nd2 Ng4 16. Bxg4 Bxg4 17. f4 exf4 18. gxf4 Qh4 19. Bf2 Qh5 20. Qg3 f5 21. Bd4 c6 22. Rae1 Bc7 23. exf5 Rxf5 24. Re3 Raf8 25. h3 Rxf4 26. Rxf4 Rxf4 27. Re8+ Kh7 28. Be3 Bd7 29. Ra8 Rf8 30. Rxf8 Nxf8 31. dxc6 Bxc6 32. Bf4 Qg6 33. Qxg6+ Nxg6 34. Bg3 Ne5 35. Ne2 Bb6+ 36. Kh2 Be3 37. Bxe5 dxe5 38. Nc4 Ba7 39. Ng3 Bb8 40. Nd2 Kg6 41. Nde4 Kf7 42. Kg1 Ba7+ 43. Kf1 Ke6 44. c4 Bd4 45. Ke2 b6 46. Kd3 Bb2 47. a4 Bxa4 48. c5 Bb5+ 49. Kc2 Bd4 50. cxb6 Bxb6 51. Kb3 g6 52. Nc3 Bd3 0-1

[Event "Bournemouth op 4th"]
[Site "Bournemouth"]
[Date "2015.06.19"]
[Round "1"]
[White "Malola, Prasath TS"]
[Black "Bellers, Chris J"]
[Result "0-1"]
[WhiteElo "2069"]
[BlackElo "2018"]
[PlyCount "62"]
[EventDate "2015.06.19"]
[EventType "swiss"]
[EventRounds "5"]
[EventCountry "ENG"]
[SourceTitle "CBM 167 Extra"]
[Source "ChessBase"]
[SourceDate "2015.09.14"]
[SourceVersion "1"]
[SourceVersionDate "2015.09.14"]
[SourceQuality "1"]

1. e4 g6 2. Nf3 Bg7 3. d4 c5 4. Bc4 cxd4 5. Nxd4 Qa5+ 6. c3 Nc6 7. 0-0 Nf6 8. Re1 0-0 9. Nd2 d6 10. a4 Qc7 11. Nb5 Qb8 12. a5 Ne5 13. Be2 Bd7 14. Nd4 Qc7 15. h3 Bc6 16. f4 Ned7 17. Bf3 e5 18. Nxc6 Qxc6 19. Nf1 Rfe8 20. g3 Nc5 21. b4 Ncxe4 22. fxe5 Rxe5 23. Bf4 Re6 24. Rc1 d5 25. Qd3 b5 26. axb6 Qxb6+ 27. Be3 Qa6 28. b5 Qa3 29. Bd4 Nc5 30. Qd1 Rxe1 31. Qxe1 Nd3 0-1